Qanoon-E-Ilahi Yani Qur`an Majeed. (Record no. 4855)

MARC details
000 -LEADER
fixed length control field 00636nam a2200241 a 4500
020 ## - INTERNATIONAL STANDARD BOOK NUMBER
ISBN
082 00 - DEWEY DECIMAL CLASSIFICATION NUMBER
Classification number 297.1221
Author Cutter KHA
100 ## - MAIN ENTRY--AUTHOR NAME
Author name Khan Mohammad, Abdul Muqtadar
245 ## - TITLE STATEMENT
Title Qanoon-E-Ilahi Yani Qur`an Majeed.
260 ## - PUBLICATION, DISTRIBUTION, ETC. (IMPRINT)
Place of publication Hyderabad
Name of publisher Idara-E-Kirdar Sazi O Maashi Nizam
Year of publication 1952
300 ## - PHYSICAL DESCRIPTION
Number of Pages 96p.
500 ## - GENERAL NOTE
General note includes index and biblioraphy
505 2# - FORMATTED CONTENTS NOTE
Formatted contents note Appendix
650 ## - SUBJECT ADDED ENTRY--TOPICAL TERM
Topical Term Quran-Appreciation
942 ## - ADDED ENTRY ELEMENTS (KOHA)
Koha item type Books
700 1# -
-- Khan Mohammad, Abdul Muqtadar
Holdings
Collection code Home library Current library Date acquired Cost, normal purchase price Full call number Accession Number Koha item type
  Henry Martyn Institute Library Henry Martyn Institute Library 07/30/2007 100.00 297.1221 KHA 08415 Books
                   Copyright © 2026 | Henry Martyn Institute | Hyderabad | TS-500052 | INDIA | Implemented by hmi.edu.in
Hit-Count:

Powered by Koha